000 00501nam a2200169 i 4500
001 84241
003 ES-MaACL
007 t|
008 041122s1907 fr ||||1| fre d
100 1 _aIreland, John.
_965431
245 1 2 _aL'Eglise et le siecle /
_cconferences et discours de Mgr. Ireland ; publies avec preface par l'abbe Felix Klein.
250 _a2eme ed.
260 _aParis :
_bDevalois,
_c1907.
300 _a230 p. ;
_c19 cm.
700 1 _aKlein, Felix.
_968209
852 _aES-MaACL
_jG-625
999 _c84241
_d84241